| 000 | 00566nam a2200241 a 4500 | ||
|---|---|---|---|
| 001 | nice12345678 | ||
| 003 | IN_TiNIC | ||
| 005 | 20260116011801.0 | ||
| 008 | 050524s1961 lona grp 000 0 eng | ||
| 020 |
_a _c2 |
||
| 082 | 0 | 0 |
_a241 _bBEN |
| 100 | _aBennett, John C | ||
| 245 | _aChristian as Citizen | ||
| 260 |
_aLondon _bLutterworth Press _c1961 |
||
| 300 | _a95p | ||
| 500 | _aincludes index and biblioraphy | ||
| 505 | 2 | _aGlossary | |
| 650 | _aChristian-Ethics | ||
| 700 | 1 | _aBennett, John C | |
| 902 | _bSRS | ||
| 942 | _cBK | ||
| 999 |
_c3929 _d3929 |
||